Facultad de Derecho – Universidad Nacional de Mar del Plata

Activismo de los Derechos Humanos y Burocracias estatales (Record no. 3903)

MARC details
000 -CABECERA
campo de control de longitud fija 00594nam a22002057a 4500
020 ## - NUMERO INTERNACIONAL NORMALIZADO PARA LIBROS (ISBN)
International Standard Book Number 9789871397181
080 ## - NUMERO DE CLASIFICACION DECIMAL UNIVERSAL (CDU)
Número de la Clasificación Decimal Universal 342.72/ 73 T 52
100 ## - ASIENTO PRINCIPAL--NOMBRE PERSONAL
Nombre personal Tiscornia, Sofìa
245 ## - MENCION DE TITULO
Título propiamente dicho Activismo de los Derechos Humanos y Burocracias estatales
Parte restante del título el Caso Walter Bulacio
260 ## - PUBLICACION, DISTRIBUCION, ETC. (PIE DE IMPRENTA)
Lugar de publicación, distribución, etc. Buenos Aires
Nombre del editor, distribuidor, etc. del Puerto
Fecha de publicación, distribución, etc. 2008
300 ## - DESCRIPCION FISICA
Extensión 309 P.
490 ## - MENCION DE SERIE
Mención de serie Antropologìa jurìdica y Derechos Humanos
650 ## - ASIENTO SECUNDARIO DE MATERIA - TERMINO TEMATICO
Subdivisión general caso Walter Bulacio
650 ## - ASIENTO SECUNDARIO DE MATERIA - TERMINO TEMATICO
Subdivisión general derechos humanos
650 ## - ASIENTO SECUNDARIO DE MATERIA - TERMINO TEMATICO
Subdivisión general Poder de policìa
650 ## - ASIENTO SECUNDARIO DE MATERIA - TERMINO TEMATICO
Subdivisión general sumario
650 ## - ASIENTO SECUNDARIO DE MATERIA - TERMINO TEMATICO
Subdivisión general violencia institucional
942 ## - ELEMENTOS AGREGADOS (KOHA)
Clasificación normalizada de Koha para alfabetizar _
945 ## - INFORMACION DE PROCESAMIENTO LOCAL
Responsable de carga/modificación Celeste Delía
AAAA-MM-DD - Fecha de ingreso/modificación 2015-05-19
Holdings
Retirado Perdido Dañado No se presta Ubicación permanente Locación actual Estante o sala Fecha de adquisición Total préstamos Signatura topográfica Inventario Ultima fecha vista Fecha del precio Tipo de item de Koha
        Bib. Derecho Bib. Derecho Biblioteca Graduados 19/05/2015   342.72/ 73 T 52 300046 28/05/2018 19/05/2015 LIBRO (Consulta)

XHTML | CSS | ©Biblioteca Central - Dto. Tecnología de la Información - [ Con tecnología Koha ]